Trendy a perspektivy využití nerostných surovin ve světě

Na minha lista:
Detalhes bibliográficos
Autor principal: Waisserová, Eva
Formato: Livro
Idioma:tcheco
Publicado em: Praha Ústředí vědeckých, technických a ekonomických informací 1991
Tags: Adicionar Tag
Sem tags, seja o primeiro a adicionar uma tag!

MARC

LEADER 00000nam a2200000 4500
001 c031921
005 20250917082524.2
041 0 |a cze 
044 |a CZ 
245 1 0 |a Trendy a perspektivy využití nerostných surovin ve světě  |c Eva Waisserová 
264 1 |a Praha  |b Ústředí vědeckých, technických a ekonomických informací  |c 1991 
300 |a 66 s. 
100 1 |a Waisserová, Eva